000 00353nam a22001217a 4500
005 20250820174146.0
008 250820b |||||||| |||| 00| 0 eng d
082 _a005
_bPRA-M
100 _aPratt and Last (Shelly Cashman Series)
245 _aMicrosoft Office 365 Access 2016 Comprehensive
650 _aComputer/Microsoft Office & Windows
999 _c37027
_d37027